LEADER 01058nam0-22003491i-450- 001 990003100270403321 035 $a000310027 035 $aFED01000310027 035 $a(Aleph)000310027FED01 035 $a000310027 100 $a20000920d1965----km-y0itay50------ba 101 0 $aENG 102 $aIT 200 1 $aIndustrialization and Economic Development in Brazil$fBy Werner Baer. 210 $aHomewood$dIll.$cRichard D. Irwin$d1965. 215 $axix, 309 p.$cill.$d22 cm 225 1 $a<>publication of the Economic Growth Center, Yale University 610 0 $aBrasile$aStoria economica 610 0 $aBrasile$aSviluppo economico 676 $aE/5 676 $aF/1.211 676 $aF/3.2 702 1$aBaer,$bWerner$f<1931- > 712 2$aYale University. Economic Growth Center 801 0$aIT$bUNINA$gRICA$2UNIMARC 901 $aBK 912 $a990003100270403321 952 $aF/1.211 BAE$b293/I$fSES 959 $aSES 996 $aIndustrialization and Economic Development in Brazil$9459581 997 $aUNINA DB $aING01 LEADER 01078nam a2200265 i 4500 001 991002339159707536 005 20020503164234.0 008 001227s1997 it ||| | ita 020 $a8871892143 035 $ab1035041x-39ule_inst 035 $aEXGIL102324$9ExL 040 $aDip.to Filol. Ling. e Lett.$bita 082 0 $a737.23 100 1 $aGulli Grigioni, Elisabetta$0144382 245 10$aCuore, quadrifoglio e altri amuleti :$bconsiderazioni su oggetti e credenze di cultura magica in Europa dal Settecento alla prima metA del Novecento /$cElisabetta Gulli Grigioni 260 $aRavenna :$bEssegi,$c[1997] 300 $a63 p. :$bill. ;$c21 cm. 490 0 $aStrumenti di collezionismo 650 4$aAmuleti$ySec. 18.-20. 907 $a.b1035041x$b21-02-17$c27-06-02 912 $a991002339159707536 945 $aLE008 FL.M. (Tr.P.) I F 190 $g1$i2008000027193 $lle008$o-$pE0.00$q-$rl$s- $t0$u0$v0$w0$x0$y.i10410958$z27-06-02 996 $aCuore, quadrifoglio e altri amuleti$9204550 997 $aUNISALENTO 998 $ale008$b01-01-00$cm$da $e-$fita$git $h0$i1